000 00281nam a2200109Ia 4500
008 220204s9999 xx 000 0 und d
082 _a930
_bMIL.3
245 0 _aMilestones of history. 03. Dawn of a new era
260 _bGeorge Weidenfeld
_c1974
505 _aset price
942 _cBK
999 _c35999
_d35999